Affordable housing in London (Record no. 104106)

MARC details
000 -LEADER
fixed length control field 01208cam a2200289 4500
008 - FIXED-LENGTH DATA ELEMENTS--GENERAL INFORMATION
fixed length control field 050317n2001 000 0 eng u
020 ## - INTERNATIONAL STANDARD BOOK NUMBER
International Standard Book Number 185261336X
035 ## - SYSTEM CONTROL NUMBER
System control number (Sirsi) u129099
041 ## - LANGUAGE CODE
Language code of text/sound track or separate title eng
050 ## - LIBRARY OF CONGRESS CALL NUMBER
Classification number 306.1
-- 18
110 ## - MAIN ENTRY--CORPORATE NAME
Corporate name or jurisdiction name as entry element Three Dragons
9 (RLIN) 4680
245 ## - TITLE STATEMENT
Title Affordable housing in London
Remainder of title a report for the Greater London Authority
260 ## - PUBLICATION, DISTRIBUTION, ETC.
Place of publication, distribution, etc. London
Name of publisher, distributor, etc. GLA
Date of publication, distribution, etc. 2001
490 ## - SERIES STATEMENT
Series statement GLA Spatial Development Strategy Technical Report
520 ## - SUMMARY, ETC.
Summary, etc. A study into the supply of affordable housing in London which provides a model for estimating its financial viability in each London borough. Concludes that a 50% affordable housing target is achievable but increased public subsidy will be necessary for the majority of boroughs.
650 ## - SUBJECT ADDED ENTRY--TOPICAL TERM
Topical term or geographic name entry element Affordable housing
9 (RLIN) 6215
650 ## - SUBJECT ADDED ENTRY--TOPICAL TERM
Topical term or geographic name entry element LONDON
650 ## - SUBJECT ADDED ENTRY--TOPICAL TERM
Topical term or geographic name entry element SOCIAL HOUSING
690 ## - LOCAL SUBJECT ADDED ENTRY--TOPICAL TERM (OCLC, RLIN)
Topical term or geographic name as entry element HOUSING-DEVELOPMENT
700 ## - ADDED ENTRY--PERSONAL NAME
Personal name Cousins, Lin
700 ## - ADDED ENTRY--PERSONAL NAME
Personal name Dunmore, Kathleen
700 ## - ADDED ENTRY--PERSONAL NAME
Personal name Oxley, Michael
700 ## - ADDED ENTRY--PERSONAL NAME
Personal name Golland, Andrew
710 ## - ADDED ENTRY--CORPORATE NAME
Corporate name or jurisdiction name as entry element Nottingham Trent University
Subordinate unit Centre for Residential Development
9 (RLIN) 4681
856 ## - ELECTRONIC LOCATION AND ACCESS
Uniform Resource Identifier <a href="https://www.london.gov.uk/gla/publications/housing.jsp">https://www.london.gov.uk/gla/publications/housing.jsp</a>
Public note View the report at www.london.gov.uk...
942 ## - ADDED ENTRY ELEMENTS (KOHA)
Suppress in OPAC 0
Holdings
Withdrawn status Lost status Source of classification or shelving scheme Damaged status Not for loan Home library Current library Shelving location Date acquired Total Checkouts Full call number Barcode Date last seen Copy number Price effective from Koha item type
    Dewey Decimal Classification     Virtual Virtual Online 17/03/2005   ONLINE PUBLICATION 129099-2001 06/08/2019 1 06/08/2019 Book